000
00178 a2200097 4500
020
_a
9780689817748
041
_a
eng
100
_a
Sandra Boynto
245
_a
Snoozers
942
_c
K
999
_c
31341
_d
31339